01232nac a22003377a 4500001001000000003000900010005001700019008003400036040005400070072001800124090001800142110008600160245009900246260003600345300001000381490009300391650002300484650002600507650001500533650001500548650002000563650001200583650002300595650001500618650001600633650001800649909004700667942001700714999001900731952014400750BR8205392BR-BrBNA20240105115511.0230509b bl.|||m| |||| 00| 0 por d aBR-BrBNAbporcBiblioteca Nacional de Agricultura aE70; E10; P05 aE70 BR82053921 aMinisterio das Relacoes Exteriores, Brasilia, DF (Brasil). Depto. Economico970881 aReservado no. 46, maio de 1982 [comercio exterior, Ministerio das Relacoes Exteriores, Brasil]3 aBrasilia, DF (Brasil): c1982.  a51 p. aResenha Mensal - Ministerio das Relacoes Exteriores. Depto. Economico (Brazil)vno. 46x aPOLITICA COMERCIAL aMERCADO INTERNACIONAL aEXPORTACAO aIMPORTACAO aRECURSO NATURAL aMINERAL aRECURSO ENERGETICO aTRANSPORTE aCOMUNICACAO aFINANCIAMENTO a202312bLúcia Elandec55dLúcia Elande 2AGRISn0cMS c275077d275077 002AGRIS40708Acervo Gerala41918b41918cAGROBASEl0oE70 BR8205392pE70 BR8205392r2023-12-18yMSePortaria Interministerial nº 164/94